Normal view
MARC view
- Zahoor Ahmad Azhar
Entry Personal Name
001 - CONTROL NUMBER
- control field: 119670
003 - CONTROL NUMBER IDENTIFIER
- control field: NUST
005 - DATE AND TIME OF LATEST TRANSACTION
- control field: 20231212112402.0
008 - FIXED-LENGTH DATA ELEMENTS
- fixed length control field: 231212|| aca||aabn | a|a d
040 ## - CATALOGING SOURCE
- Original cataloging agency: NUST
- Transcribing agency: NUST
100 ## - HEADING--PERSONAL NAME
- Personal name: Zahoor Ahmad Azhar
670 ## - SOURCE DATA FOUND
- Source citation: Work cat.: (NUST)606825: Manaqib-i Ahle-i-Bait alaihim salam/, -
